Belgium 2026 World Cup Squad - Statistics

General Stats
  • This quiz has been taken 33 times
  • The average score is 17 of 27
Answer Stats
Hint Answer % Correct
GK Thibaut Courtois
96%
FW Romelu Lukaku
91%
MF Kevin De Bruyne
87%
FW Jeremy Doku
83%
DF Arthur Theate
78%
MF Axel Witsel
78%
MF Amadou Onana
74%
MF Youri Tielemans
74%
DF Maxim De Cuyper
70%
DF Thomas Meunier
70%
FW Leandro Trossard
65%
GK Senne Lammens
65%
FW Charles De Ketelaere
61%
MF Hans Vanaken
61%
DF Zeno Debast
61%
DF Koni De Winter
57%
Rudi Garcia
57%
FW Dodi Lukebakio
52%
GK Mike Penders
52%
DF Timothy Castagne
52%
FW Alexis Saelemaekers
48%
DF Joaquin Seys
48%
FW Matias Fernandez Pardo
48%
DF Nathan Ngoy
43%
MF Nicolas Raskin
43%
DF Brandon Mechele
39%
FW Diego Moreira
30%
No matching quizzes found
Score Distribution
Percent of People with Each Score
Percentile by Number Answered
Your Score History
You have not taken this quiz